| 000 | 00973nam a22001937a 4500 | ||
|---|---|---|---|
| 999 |
_c61946 _d61946 |
||
| 003 | Ge_BSU | ||
| 005 | 20240613124002.0 | ||
| 008 | 240613s1958 ge ||||| |||| 00| 0 geo d | ||
| 041 | _ageo | ||
| 080 | _a 616-7 კ-22 | ||
| 100 |
_aკანდელაკი, ქეთევან _919471 |
||
| 245 |
_aლაბორატორიული ტექნიკა : _b სახელმძღვ. მედ. ლაბორანტთათვის / _cქეთევან კანდელაკი; რედ. ნ. კილოსანიძე. |
||
| 264 |
_aთბ. : _bცოდნა, _c1958. |
||
| 300 |
_a207გვ. : _bილ. ; _c24 სმ. |
||
| 653 | _a სამედიცინო დიაგნოსტიკა | ||
| 653 | _aსამედიცინო ლაბორატორიული ტექნიკა | ||
| 700 |
_aკილოსანიძე, ნ. _eრედაქტორი _922423 |
||
| 942 |
_2udc _cᲬᲘᲒᲜᲘ |
||